| 000 | 00568cam a2200169 a 4500 | ||
|---|---|---|---|
| 001 | 000003121 | ||
| 005 | 20200929150333.0 | ||
| 008 | 760218s1975 pr 001 f spa | ||
| 040 |
_aDO-SdBNP _bspa _cBNPHU |
||
| 082 |
_aPR863.44 _bD542n |
||
| 100 | 1 |
_aDíaz Montero, Anibal. _99833 |
|
| 245 | 1 | 0 |
_aNico el pinche : _bestampas jibaras / _cAnibal Díaz Montero. |
| 260 |
_aSan Juan, Puerto Rico : _b[Talleres Gráficos de Manuel Pareja Montaña], _c1975. |
||
| 300 |
_a123 p. ; _c22 cm. |
||
| 650 | 4 |
_aNovela puertoriqueña _99113 |
|
| 650 | 4 |
_aLiteratura puertoriqueña _96540 |
|
| 999 |
_c2952 _d2952 |
||